书目信息 |
| 题名: |
中英文打字
|
|
| 作者: | 张建文 , 祁振远 主编 | |
| 分册: | ||
| 出版信息: | 西安 西北工业大学出版社 2007.08 |
|
| 页数: | 152页 | |
| 开本: | 26cm | |
| 丛书名: | 中等职业学校计算机系列规划教材 | |
| 单 册: | ||
| 中图分类: | G634.67 | |
| 科图分类: | ||
| 主题词: | 汉字编码--han zi bian ma--输入--专业学校--教材 , 英文--ying wen--输入--专业学校--教材 | |
| 电子资源: | ||
| ISBN: | 978-7-5612-2256-0 | |
| 000 | 01222nam 2200277 450 | |
| 001 | 012008410227 | |
| 005 | 20080602095144.00 | |
| 010 | @a978-7-5612-2256-0@dCNY15.00 | |
| 100 | @a20080602d2007 em y0chiy0120 ea | |
| 101 | 0 | @achi@aeng |
| 102 | @aCN@b610000 | |
| 105 | @aa z 000yy | |
| 106 | @ar | |
| 200 | 1 | @a中英文打字@Azhong ying wen da zi@f张建文, 祁振远主编@Fzhang jian wen,qi zhen yuan zhu bian |
| 210 | @a西安@c西北工业大学出版社@d2007.08 | |
| 215 | @a152页@c图@d26cm | |
| 225 | 2 | @a中等职业学校计算机系列规划教材@Azhong deng zhi ye xue xiao ji suan ji xi lie gui hua jiao cai |
| 330 | @a本书为中等职业学校计算机系列规划教材,内容包括计算机基础知识、键盘练习、中文输入法概述、五笔字型输入法、98版五笔字型输入法和其他五笔字型输入法。章后附有练习题,附录为86版和98版五笔字型输入法汉字编码字典,使读者在学习汉字录入与编辑技术时更加得心应手,做到学以致用。 | |
| 410 | 0 | @12001 @a中等职业学校计算机系列规划教材 |
| 606 | 0 | @a汉字编码@Ahan zi bian ma@x输入@x专业学校@j教材 |
| 606 | 0 | @a英文@Aying wen@x输入@x专业学校@j教材 |
| 690 | @aG634.67@v4 | |
| 701 | 0 | @a张建文@Azhang jian wen@4主编 |
| 701 | 0 | @a祁振远@Aqi zhen yuan@4主编 |
| 801 | 0 | @aCN@bQSSK@c20080602 |
| 905 | @b721295-96@dG634.67@eZ127@f2 | |
| 中英文打字/张建文, 祁振远主编.-西安:西北工业大学出版社,2007.08 |
| 152页:图;26cm.-(中等职业学校计算机系列规划教材) |
| ISBN 978-7-5612-2256-0:CNY15.00 |
| 本书为中等职业学校计算机系列规划教材,内容包括计算机基础知识、键盘练习、中文输入法概述、五笔字型输入法、98版五笔字型输入法和其他五笔字型输入法。章后附有练习题,附录为86版和98版五笔字型输入法汉字编码字典,使读者在学习汉字录入与编辑技术时更加得心应手,做到学以致用。 |
| ● |
| 相关链接 |
|
|
|
正题名:中英文打字
索取号:G634.67/Z127
 
预约/预借
| 序号 | 登录号 | 条形码 | 馆藏地/架位号 | 状态 | 备注 |
| 1 | 721295 | 207212951 | 社科库409/409社科库 8排4列4层/ [索取号:G634.67/Z127] | 在馆 | |
| 2 | 721296 | 207212960 | 社科库409/409社科库 8排4列4层/ [索取号:G634.67/Z127] | 在馆 |